Statistics for La Aurora Int. Airport Destination (Guatemala City, Guatemala)

Click here to take the quiz!

General Stats

  • This quiz has been taken 12 times
  • The average score is 28 of 35

Answer Stats

AirlineDestination% Correct
Delta Air Lines/Frontier AirlinesAtlanta
100%
Transportes Aereos Guatemaltecos/VolarisCancun
100%
American AirlinesDallas/Fort Worth
100%
Spirit AirlinesFort Lauderdale
100%
Spirit Airlines/United AirlinesHouston (Intercontinental)
100%
Avianca El Salvador/Delta Air Lines/United Airlines/Volaris Costa RicaLos Angeles
100%
IberiaMadrid
100%
Transportes Aereos GuatemaltecosMerida
100%
Aeromexico/Aeromexico Connect/Volaris Costa RicaMexico City
100%
American Airlines/Frontier Airlines/Spirit AirlinesMiami
100%
Avianca El Salvador/JetBlueNew York (JFK)
100%
Spirit AirlinesOrlando
100%
Copa AirlinesPanama City (Tocumen)
100%
Avianca Costa Rica/Copa Airlines/Volaris Costa RicaSan Jose de Costa Rica (Juan Santamaria)
100%
Avianca El Salvador/Avianca Guatemala/Transportes Aereos Guatemaltecos/Volaris El SalvadorSan Salvador
100%
Avianca El Salvador/United AirlinesWashington (Dulles)
100%
AviancaBogota
88%
Copa AirlinesManagua
88%
United AirlinesNewark
88%
Avianca Guatemala/CM Airlines/Transportes Aereos Guatemaltecos/Volaris El SalvadorSan Pedro Sula
88%
ArajetSanto Domingo (Las Americas)
88%
Avianca El Salvador/Avianca GuatemalaTegucigalpa/Comayagua
88%
Transportes Aereos GuatemaltecosBelize City
75%
American Airlines/United AirlinesChicago (O'Hare)
75%
ARM Aviacion/Avianca Guatemala/Transportes Aereos GuatemaltecosFlores
63%
Sunwing AirlinesMontreal (Trudeau)
63%
Transportes Aereos GuatemaltecosOaxaca
63%
Transportes Aereos GuatemaltecosQuetzaltenango
50%
ARM AviacionRoatan
50%
ARM AviacionCopan
38%
Transportes Aereos GuatemaltecosPuerto Barrios
38%
Transportes Aereos GuatemaltecosRetalhuleu
38%
Transportes Aereos GuatemaltecosTuxtla Gutierrez
38%
ARM AviacionHuehuetenango
25%
ARM AviacionPalenque
25%

Score Distribution

Percentile by Number Answered

Percent of People with Each Score

Your Score History

You have not taken this quiz